Technická optika /

Guardado en:
Detalles Bibliográficos
Autor principal: Hajda, Jaromír (Autor)
Formato: Libro
Lenguaje:checo
Publicado: Praha : Práce, 1951
Materias:
Etiquetas: Agregar Etiqueta
Sin Etiquetas, Sea el primero en etiquetar este registro!

MARC

LEADER 00000nam a22000003a 4500
001 stu36688
005 20150617225727.4
008 920617s1951----cs------------------cze-d
040 |a STU  |b slo 
041 0 |a cze 
044 |a cs 
080 |a 535.8 
100 1 |a Hajda, Jaromír  |4 aut 
245 1 |a Technická optika /  |c [aut.]Jaromír Hajda 
260 |a Praha :  |b Práce,  |c 1951 
300 |a 211 s 
650 7 |a optika technická  |2 stusub 
996 |b 284M020210  |c M*3511-1  |l MMKN  |s A  |a 24  |w stu36688_0001